=LDR 00000nam 2200000 4500 =001 INLIS000000000001944 =005 20130612090324 =008 ***********************************Ind** =035 ##$$0010-061300000001944 =041 ##$$a Ind =082 ##$$a 612.12 =090 ##$$a 612.12, Pet p =100 ##$$a Petch, Michael =245 ##$$a Penyakit jantung, Michael Petch;Penyunting, Rianti =260 ##$$a 1991 $b Jakarta =300 ##$$a vi,138 hlm, ilus, 19 cm =650 ##$$a Jantung =650 ##$$a Penyakit =700 ##$$a Rianti =850 ##$$a NBPNMAT